Statystyki dla My German Lands

Kliknij tutaj aby rozwiązać quiz!

Ogólne statystyki

  • Ten quiz został rozwiązany 18 razy
  • Średni wynik to 8 z 16

Odpowiedzi na mapie

Odpowiedzi skodowane kolorowo w zielono-czerwonej skali na mapie do tego quizu, zgodnie z poniższymi procentami.
 

Statystyki odpowiedzi

Land% Poprawnych
Berlin
86%
Bawaria
71%
Brema
71%
Hamburg
71%
Brandenburgia
57%
Nadrenia Północna-Westfalia
57%
Saara
57%
Saksonia
57%
Turyngia
57%
Dolna Saksonia
43%
Hesja
43%
Nadrenia-Palatynat
43%
Saksonia-Anhalt
43%
Szlezwik-Holsztyn
43%
Badenia-Wirtembergia
29%
Meklemburgia-Pomorze Przednie
14%

Rozkład punktacji

Percentyl według liczby udzielonych odpowiedzi

Procent ludzi z każdym wynikiem

Twoja historia wyników

Nie rozwiązałeś tego quizu